| 000 | 00526nam a2200169Ia 4500 | ||
|---|---|---|---|
| 008 | 210716s2008 xx 000 0 und d | ||
| 020 | _a9780470097731 | ||
| 041 | _aeng | ||
| 082 | _a574.80285 MANI | ||
| 100 | _aMandoiu, Ion I; Zelikovsky, Alexander. | ||
| 245 |
_aBioinformatics algorithms: techniques and applications. _bTechniques and applications. |
||
| 250 | _a1 | ||
| 260 |
_aCanada _bJohn Wiley and Sons _c2008 |
||
| 300 | _axiv,500 | ||
| 650 | _aBioinformatics | ||
| 700 | _aMandoiu, Ion I; Zelikovsky, Alexander. | ||
| 999 |
_c189559 _d189559 |
||